000
00285nam a22001337a 4500
008
180920b xxu||||| |||| 00| 0 eng d
020
_a
9780536454034
041
_a
eng
080
_6
4th
_a
510
100
_a
36
101
_a
MAT
245
_a
Precalculus
_c
Hornsby,J
942
_2
udc
_c
BK
999
_c
48103
_d
48103